[Event "San Francisco TNM Spring op"]
[Site "San Francisco"]
[Date "2010.03.16"]
[Round "1"]
[White "Beilin, Allan"]
[Black "Blum, Paul"]
[Result "1-0"]
[WhiteElo "1808"]
[BlackElo "629"]
[PlyCount "41"]
[EventDate "2010.03.16"]
[EventType "swiss"]
[EventRounds "8"]
[EventCountry "USA"]
[SourceTitle "EXT 2012"]
[Source "ChessBase"]
[SourceDate "2011.11.24"]
[SourceVersion "1"]
[SourceVersionDate "2011.11.24"]
[SourceQuality "1"]

1. e4 c5 2. Nf3 Nc6 3. d4 cxd4 4. Nxd4 Nxd4 5. Qxd4 Nf6 6. e5 Nh5 7. g4 Qc7 8. Nc3 e6 9. gxh5 Bc5 10. Qf4 a5 11. Nb5 Qb6 12. Nd6+ Bxd6 13. exd6 0-0 14. Rg1 Re8 15. Qf6 g6 16. Bh6 Qb4+ 17. c3 Qe4+ 18. Be2 Qe5 19. Qxe5 f6 20. Qxf6 Re7 21. Qf8# 1-0

[Event "San Francisco TNM Winter op"]
[Site "San Francisco"]
[Date "2010.02.23"]
[Round "8"]
[White "Nelson, Christopher"]
[Black "Blum, Paul"]
[Result "1-0"]
[WhiteElo "1613"]
[BlackElo "629"]
[PlyCount "55"]
[EventDate "2010.01.05"]
[EventType "swiss"]
[EventRounds "8"]
[EventCountry "USA"]
[SourceTitle "EXT 2012"]
[Source "ChessBase"]
[SourceDate "2011.11.24"]
[SourceVersion "1"]
[SourceVersionDate "2011.11.24"]
[SourceQuality "1"]

1. e4 Nc6 2. f4 e6 3. Nf3 b6 4. d4 Bb7 5. a3 d6 6. b4 Nf6 7. Bd3 Ne7 8. Qe2 Qd7 9. 0-0 0-0-0 10. c4 d5 11. Ne5 Qe8 12. cxd5 exd5 13. Nc3 dxe4 14. Bc4 Ned5 15. Nxe4 Nxe4 16. Qxe4 f6 17. Qf5+ Kb8 18. Nf3 Ne3 19. Bxe3 Qxe3+ 20. Kh1 Bxf3 21. Rxf3 Qxd4 22. Rc1 g6 23. Qe6 Bh6 24. Qc6 Rd6 25. Qb5 Qb2 26. Re1 Qxa3 27. Rxa3 Bxf4 28. Qa6 1-0

[Event "San Francisco TNM Winter op"]
[Site "San Francisco"]
[Date "2010.01.19"]
[Round "3"]
[White "Blum, Paul"]
[Black "Gonda, Thomas A"]
[Result "1-0"]
[WhiteElo "629"]
[BlackElo "1637"]
[PlyCount "74"]
[EventDate "2010.01.05"]
[EventType "swiss"]
[EventRounds "8"]
[EventCountry "USA"]
[SourceTitle "EXT 2012"]
[Source "ChessBase"]
[SourceDate "2011.11.24"]
[SourceVersion "1"]
[SourceVersionDate "2011.11.24"]
[SourceQuality "1"]

1. e4 Nf6 2. Nf3 Nxe4 3. Bb5 c6 4. Ba4 a5 5. c3 d5 6. 0-0 Bg4 7. h3 Bh5 8. Re1 Nd7 9. d4 e6 10. Nbd2 f5 11. Qc2 Bd6 12. Nxe4 fxe4 13. a3 exf3 14. Rxe6+ Be7 15. Bg5 Nf6 16. Rae1 b5 17. Rxe7+ Qxe7 18. Rxe7+ Kxe7 19. Bb3 fxg2 20. Kxg2 h6 21. Bh4 Rhf8 22. Qd2 g5 23. Qe3+ Ne4 24. Bg3 Rf3 25. Qe1 Rd3 26. Bc2 Bf3+ 27. Kh2 Rd2 28. Bxe4 Re2 29. Qb1 Bxe4 30. Qa1 h5 31. h4 g4 32. a4 b4 33. Kg1 Re8 34. cxb4 axb4 35. Kf1 Bf3 36. a5 Kd7 37. a6 Rd2 1-0